[Event "14th EUR-ch"]
[Site "Legnica POL"]
[Date "2013.05.06"]
[Round "2"]
[White "Iwanow, Anna"]
[Black "Diermair, Andreas"]
[Result "0-1"]
[WhiteElo "2195"]
[BlackElo "2431"]
[EventDate "2013.05.05"]
[PlyCount "106"]

1.e4 e5 2.Nf3 Nc6 3.Bb5 Nf6 4.O-O Nxe4 5.d4 Nd6 6.Bxc6 dxc6 7.dxe5 Nf5 8.
Qxd8+ Kxd8 9.Nc3 Ke8 10.h3 Ne7 11.Bf4 Nd5 12.Bd2 Nxc3 13.Bxc3 c5 14.Ng5 
Bf5 15.f4 h6 16.Nf3 Bxc2 17.g4 h5 18.Rae1 hxg4 19.hxg4 Rd8 20.f5 Bd3 21.
Rf2 c4 22.Kg2 Bc5 23.Rd2 b5 24.a3 Kf8 25.Kg3 Re8 26.Nd4 a6 27.Nc6 f6 28.
Nb4 fxe5 29.Nxd3 cxd3 30.Bxe5 Rxe5 31.Rxe5 Bd6 32.Kf4 Rh3 33.Ke4 Bxe5 34.
Kxe5 c5 35.b3 c4 36.bxc4 bxc4 37.Kd4 Rg3 38.Kxc4 Rxg4+ 39.Kxd3 Rf4 40.Ke3 
Rxf5 41.a4 Kf7 42.Rd7+ Kg6 43.Rd6+ Rf6 44.Rd5 Kh6 45.Ke4 g5 46.Ke5 Kg6 47.
Rd8 Rf5+ 48.Ke6 Ra5 49.Rd4 Kh5 50.Kd6 g4 51.Kc6 Rg5 52.Kb6 a5 53.Rd3 Kh4 
0-1

[Event "14th EUR-ch"]
[Site "Legnica POL"]
[Date "2013.05.06"]
[Round "2"]
[White "Deac, Bogdan-Daniel"]
[Black "Perunovic, Miodrag"]
[Result "0-1"]
[WhiteElo "2183"]
[BlackElo "2430"]
[EventDate "2013.05.05"]
[PlyCount "108"]

1.d4 Nf6 2.c4 e6 3.Nf3 b6 4.Nc3 Bb4 5.Bg5 Bb7 6.Nd2 h6 7.Bh4 Nc6 8.e3 Bxc3
9.bxc3 g5 10.Bg3 d6 11.f3 Qe7 12.Bf2 e5 13.Qa4 Qd7 14.Bd3 Ne7 15.Qc2 Qc6 
16.O-O-O O-O-O 17.h4 Kb8 18.Rh2 d5 19.Rdh1 g4 20.Bg3 e4 21.fxe4 dxe4 22.
Be2 Nh5 23.d5 Qg6 24.Be5 f6 25.Bd4 Ng3 26.Re1 Rhe8 27.Nf1 Nxe2+ 28.Rxe2 c5
29.dxc6 Nxc6 30.Ng3 Rc8 31.Rd2 Na5 32.Rf2 Re6 33.h5 Qf7 34.Rh1 Nxc4 35.
Rhf1 Qe7 36.Rxf6 Rxf6 37.Rxf6 Nxe3 38.Nf5 Qxf6 39.Bxf6 Nxc2 40.Kxc2 Rc5 
41.Nxh6 Bc8 42.Bd4 Rxh5 43.Nf7 Be6 44.Nd6 Rh2 45.Nxe4 Rxg2+ 46.Kd1 Bxa2 
47.Ke1 Bd5 48.Be5+ Kb7 49.Ng3 a5 50.Ne2 Bc4 51.Nf4 Rb2 52.Bd6 a4 53.Ng6 
Re2+ 54.Kd1 Re6 0-1

[Event "14th EUR-ch"]
[Site "Legnica POL"]
[Date "2013.05.06"]
[Round "2"]
[White "Firat, Burak"]
[Black "Huber, Martin Christian"]
[Result "1/2-1/2"]
[WhiteElo "2421"]
[BlackElo "2176"]
[EventDate "2013.05.05"]
[PlyCount "84"]

1.e4 e5 2.Nf3 Nc6 3.Nc3 Nf6 4.Bb5 Bb4 5.O-O O-O 6.d3 d6 7.Bg5 Bxc3 8.bxc3 
Ne7 9.Re1 Ng6 10.d4 h6 11.Bc1 c6 12.Bf1 Re8 13.Nd2 Nh7 14.Nc4 Qf6 15.Ba3 
Rd8 16.g3 Ng5 17.Bg2 b6 18.Qh5 Ba6 19.Ne3 Re8 20.Rad1 Rad8 21.Ng4 Qe6 22.
Bc1 Bc8 23.h3 Qe7 24.f4 exf4 25.gxf4 Ne6 26.Rf1 Qh4 27.Qxh4 Nxh4 28.Bh1 d5
29.Ne5 Bb7 30.exd5 cxd5 31.f5 Ng5 32.f6 g6 33.Kh2 Nf5 34.Rxf5 gxf5 35.h4 
Ne6 36.Bg2 Rc8 37.Bh3 Rc7 38.Rg1+ Kh8 39.Bxf5 Bc8 40.Bxe6 Rxe6 41.Bxh6 
Rxe5 42.dxe5 Rxc3 1/2-1/2

[Event "14th EUR-ch"]
[Site "Legnica POL"]
[Date "2013.05.06"]
[Round "2"]
[White "Machan, Jan"]
[Black "Kanter, Eduard"]
[Result "0-1"]
[WhiteElo "2173"]
[BlackElo "2418"]
[EventDate "2013.05.05"]
[PlyCount "74"]

1.d4 Nf6 2.c4 g6 3.Nc3 d5 4.Nf3 Bg7 5.Bg5 Ne4 6.cxd5 Nxg5 7.Nxg5 e6 8.Qd2 
h6 9.Nh3 exd5 10.Qe3+ Kf8 11.Nf4 c5 12.O-O-O Nc6 13.Qf3 Kg8 14.Qxd5 cxd4 
15.Qxd8+ Nxd8 16.e3 Bg4 17.Rxd4 Bxd4 18.exd4 Nc6 19.Bc4 Kg7 20.f3 Bd7 21.
Rd1 Rac8 22.Bf1 h5 23.Nd3 Bf5 24.Nc5 Rhd8 25.Nxb7 Rd7 26.Nc5 Rxd4 27.Rxd4 
Nxd4 28.N5a4 h4 29.Kd2 h3 30.b4 Rd8 31.Kc1 hxg2 32.Bxg2 Nc2 33.b5 Ne3 34.
Bh1 Rh8 35.f4 Rxh2 36.Be4 Bxe4 37.Nxe4 Rxa2 0-1

[Event "14th EUR-ch"]
[Site "Legnica POL"]
[Date "2013.05.06"]
[Round "2"]
[White "Krnic, Ivan"]
[Black "Caprio, Guido"]
[Result "0-1"]
[WhiteElo "2166"]
[BlackElo "2413"]
[EventDate "2013.05.05"]
[PlyCount "74"]

1.e4 c5 2.Nc3 a6 3.g3 b5 4.Bg2 Bb7 5.d3 e6 6.Nh3 Nf6 7.O-O b4 8.Ne2 Be7 9.
Nef4 Qc7 10.Nh5 O-O 11.f4 Nxh5 12.Qxh5 f5 13.Be3 Nc6 14.c3 Rab8 15.c4 Qd6 
16.Nf2 a5 17.Rad1 a4 18.Qe2 Ra8 19.e5 Qc7 20.Rd2 b3 21.a3 Rae8 22.Rfd1 d6 
23.d4 cxd4 24.Bxd4 dxe5 25.Bxe5 Nxe5 26.Bxb7 Qxb7 27.fxe5 Bc5 28.Rd7 Qe4 
29.Kf1 Qc6 30.Qh5 Re7 31.Rd8 Rf7 32.Qh4 Qf3 33.Qf4 Qc6 34.h4 h6 35.Rxf8+ 
Rxf8 36.h5 Rc8 37.Ke2 Be7 0-1

[Event "14th EUR-ch"]
[Site "Legnica POL"]
[Date "2013.05.06"]
[Round "2"]
[White "Rzayev, Bahruz"]
[Black "Musialkiewicz, Pawel"]
[Result "1-0"]
[WhiteElo "2411"]
[BlackElo "2160"]
[EventDate "2013.05.05"]
[PlyCount "101"]

1.e4 e6 2.d4 d5 3.Nd2 dxe4 4.Nxe4 Nd7 5.Nf3 Ngf6 6.Nxf6+ Nxf6 7.Bd3 c5 8.
O-O cxd4 9.Nxd4 Be7 10.c3 O-O 11.Qf3 Qd5 12.Bf4 Qxf3 13.Nxf3 Rd8 14.Rfd1 
Bd7 15.a4 Rac8 16.Nd4 a6 17.Nb3 Nd5 18.Bg3 Nb6 19.Be4 Bxa4 20.Rxd8+ Rxd8 
21.Na5 Rd1+ 22.Rxd1 Bxd1 23.Bxb7 Na4 24.Nc6 Kf8 25.c4 Bb3 26.Bxa6 Nxb2 27.
Nxe7 Kxe7 28.c5 Bd5 29.Bd6+ Kd7 30.h4 g6 31.Bb5+ Bc6 32.Bf1 Bd5 33.Kh2 Bc4
34.Bxc4 Nxc4 35.Bf8 f5 36.Kg3 e5 37.h5 gxh5 38.Kh4 Nd2 39.Kxh5 Kc6 40.Kg5 
f4 41.Kf5 f3 42.g4 Kd5 43.c6 Nc4 44.c7 Nb6 45.Bg7 e4 46.Bh6 Nc8 47.Bf4 Nb6
48.g5 Nc8 49.Kf6 Kc6 50.Kg7 Kd7 51.Kxh7 1-0

[Event "14th EUR-ch"]
[Site "Legnica POL"]
[Date "2013.05.06"]
[Round "2"]
[White "Goumas, Georgios"]
[Black "Pogosian, Vladimir"]
[Result "1-0"]
[WhiteElo "2410"]
[BlackElo "2132"]
[EventDate "2013.05.05"]
[PlyCount "89"]

1.e4 e5 2.Nf3 Nc6 3.d4 exd4 4.Nxd4 Bc5 5.Nb3 Bb6 6.Nc3 d6 7.Qe2 Be6 8.Be3 
Nf6 9.O-O-O O-O 10.f3 Ne5 11.Bxb6 axb6 12.Qd2 Nfd7 13.f4 Nc6 14.Kb1 Bxb3 
15.cxb3 Nc5 16.Bc4 Qb8 17.Rhe1 Na5 18.Bf1 Nc6 19.g4 Qa7 20.Bc4 b5 21.Bxb5 
Nxb3 22.Qe3 Qxe3 23.Rxe3 Nbd4 24.Bxc6 Nxc6 25.Nd5 Rac8 26.Rb3 Rfe8 27.Rxb7
Rxe4 28.Rxc7 Rxc7 29.Nxc7 Nd4 30.Nd5 Ne6 31.Kc2 Nxf4 32.Nxf4 Rxf4 33.Rxd6 
Kf8 34.h3 h5 35.gxh5 Rh4 36.Rd3 Rxh5 37.b4 f5 38.b5 f4 39.b6 Rb5 40.Rb3 
Rc5+ 41.Kd2 Rc8 42.b7 Rb8 43.a4 Ke7 44.a5 Kd6 45.a6 1-0

[Event "14th EUR-ch"]
[Site "Legnica POL"]
[Date "2013.05.06"]
[Round "2"]
[White "Wenzel, Birger"]
[Black "Hnydiuk, Aleksander"]
[Result "0-1"]
[WhiteElo "2110"]
[BlackElo "2409"]
[EventDate "2013.05.05"]
[PlyCount "44"]

1.Nf3 d5 2.c4 e6 3.d4 Nf6 4.Nc3 c5 5.cxd5 Nxd5 6.e3 Nc6 7.Bd3 Be7 8.O-O 
O-O 9.a3 Nxc3 10.bxc3 b6 11.Qe2 Bb7 12.Rd1 cxd4 13.cxd4 Na5 14.Nd2 Qd5 15.
f3 Rac8 16.Bb2 Rfd8 17.e4 Qd7 18.Rac1 Rxc1 19.Rxc1 Bxa3 20.Bxa3 Qxd4+ 21.
Kh1 Qxd3 22.Qxd3 Rxd3 0-1

[Event "14th EUR-ch"]
[Site "Legnica POL"]
[Date "2013.05.06"]
[Round "2"]
[White "Vesterbaek Pedersen, Nicolai"]
[Black "Ulanowski, Karol"]
[Result "1-0"]
[WhiteElo "2406"]
[BlackElo "2091"]
[EventDate "2013.05.05"]
[PlyCount "89"]

1.d4 Nf6 2.c4 g6 3.Nc3 Bg7 4.e4 d6 5.f3 O-O 6.Be3 Nc6 7.Nge2 a6 8.Qd2 Bd7 
9.Rb1 Rb8 10.b4 b5 11.cxb5 axb5 12.d5 Ne5 13.Nd4 Qe8 14.Be2 e6 15.O-O Nc4 
16.Bxc4 bxc4 17.b5 exd5 18.exd5 Qe5 19.Nc6 Bxc6 20.dxc6 Rfe8 21.Bf2 Nh5 
22.Nd5 c3 23.Qd3 Nf4 24.Nxf4 Qxf4 25.Rfc1 Qa4 26.Rc2 Re5 27.b6 Rd5 28.Qxd5
Qxc2 29.Re1 cxb6 30.c7 Rf8 31.Qxd6 Qf5 32.g4 Qc8 33.Qc6 Qa8 34.Qxa8 Rxa8 
35.Rd1 Bf6 36.Bxb6 h6 37.Rd6 Kg7 38.Rc6 Rc8 39.a4 Be5 40.a5 Kf8 41.a6 Ke7 
42.a7 Kd7 43.Rc4 g5 44.h3 Bxc7 45.Bxc7 1-0

[Event "14th EUR-ch"]
[Site "Legnica POL"]
[Date "2013.05.06"]
[Round "2"]
[White "Pappelis, Dimitrios"]
[Black "Kanovsky, David"]
[Result "0-1"]
[WhiteElo "2055"]
[BlackElo "2404"]
[EventDate "2013.05.05"]
[PlyCount "132"]

1.c4 c5 2.Nf3 g6 3.d4 cxd4 4.Nxd4 Bg7 5.e4 Nc6 6.Be3 Nf6 7.Nc3 O-O 8.Be2 
d6 9.O-O Bd7 10.Qd2 Nxd4 11.Bxd4 Bc6 12.f3 a5 13.Rac1 Nd7 14.Nd5 Bxd4+ 15.
Qxd4 a4 16.f4 Nc5 17.Bf3 Bxd5 18.exd5 Qb6 19.Kh1 Ra6 20.Rce1 Re8 21.Bg4 
Nd7 22.Qc3 Nf6 23.Bh3 Qa5 24.Qd4 Qc5 25.Qxc5 dxc5 26.Re3 Kf8 27.g3 Rb6 28.
b3 Rb4 29.Rd1 h5 30.Kg1 Rd8 31.Rde1 Ng8 32.Bf1 Rd6 33.bxa4 Ra6 34.Rb3 
Raxa4 35.Reb1 Nf6 36.a3 Rxb3 37.Rxb3 Ne4 38.Rxb7 Rxa3 39.Rb5 Kg7 40.Kg2 
Ra2+ 41.Kg1 h4 42.Bd3 Nf2 43.Bf1 Ng4 44.gxh4 Ne3 45.Bh3 Nxc4 46.Rxc5 Nd6 
47.Bg4 Ra4 48.Kg2 Rxf4 49.Bf3 Rxh4 50.Rc1 Rd4 51.Re1 Kf6 52.Re2 Nf5 53.Be4
Nd6 54.Bf3 Nc4 55.Kg3 Rd3 56.Kf4 g5+ 57.Ke4 Rd2 58.Bg4 Nd6+ 59.Ke3 Rxd5 
60.Kf3 Rd4 61.h3 Rf4+ 62.Kg2 Re4 63.Rf2+ Ke5 64.Ra2 f5 65.Ra5+ Kf4 66.Bf3 
Rb4 0-1

[Event "14th EUR-ch"]
[Site "Legnica POL"]
[Date "2013.05.06"]
[Round "2"]
[White "Mazur, Stefan"]
[Black "Chubar, Vladimir"]
[Result "1-0"]
[WhiteElo "2402"]
[BlackElo "2053"]
[EventDate "2013.05.05"]
[PlyCount "69"]

1.e4 e6 2.d4 d5 3.Nc3 dxe4 4.Nxe4 Nd7 5.Nf3 Be7 6.Bc4 Ngf6 7.Nxf6+ Bxf6 8.
O-O O-O 9.Qe2 c5 10.Rd1 cxd4 11.Nxd4 a6 12.a4 Qc7 13.Ra3 Nb6 14.Ba2 Rd8 
15.Rc3 Qd6 16.Rcd3 Nd5 17.Nf3 Qf8 18.Bg5 Re8 19.Bxf6 Nxf6 20.Ne5 Qb4 21.c3
Qxa4 22.Bb1 Qb5 23.c4 Qc5 24.Rh3 g6 25.Rf3 Qe7 26.Qd2 Kg7 27.Rh3 Ng8 28.
Qd4 f6 29.Qh4 Kf8 30.Bxg6 Rd8 31.Rf1 Qg7 32.Bxh7 Ne7 33.Rg3 Qxg3 34.fxg3 
Kg7 35.Qxf6+ 1-0

[Event "14th EUR-ch"]
[Site "Legnica POL"]
[Date "2013.05.06"]
[Round "2"]
[White "Bulmaga, Irina"]
[Black "Pavlicek, Miroslav"]
[Result "1-0"]
[WhiteElo "2393"]
[BlackElo "2014"]
[EventDate "2013.05.05"]
[PlyCount "79"]

1.e4 c5 2.Nf3 Nc6 3.Bb5 e6 4.Bxc6 bxc6 5.d3 Ne7 6.O-O Ng6 7.Ng5 h6 8.Nh3 
d5 9.f4 dxe4 10.dxe4 Qd4+ 11.Nf2 Qxd1 12.Rxd1 Be7 13.Be3 Rb8 14.b3 O-O 15.
Na3 e5 16.f5 Nf4 17.Kf1 Nh5 18.Nd3 Nf6 19.Bxc5 Bxc5 20.Nxc5 Ng4 21.Kg1 g6 
22.h3 Nf6 23.g4 gxf5 24.gxf5 Nxe4 25.Nxe4 Bxf5 26.Nf6+ Kh8 27.Kh2 Rbd8 28.
Ng4 Bxg4 29.hxg4 Rg8 30.Rxd8 Rxd8 31.Nc4 f6 32.Kg3 Kg7 33.a4 Kg6 34.Rh1 
Rd4 35.Ne3 Rd2 36.Rh2 Rxh2 37.Kxh2 h5 38.Kg3 Kg5 39.gxh5 f5 40.Nxf5 1-0

[Event "14th EUR-ch"]
[Site "Legnica POL"]
[Date "2013.05.06"]
[Round "2"]
[White "Zemlicka, Vit"]
[Black "Kriebel, Tadeas"]
[Result "0-1"]
[WhiteElo "2049"]
[BlackElo "2388"]
[EventDate "2013.05.05"]
[PlyCount "48"]

1.e4 c5 2.Nf3 d6 3.d4 cxd4 4.Nxd4 Nf6 5.Nc3 a6 6.Be3 e5 7.Nb3 Be7 8.f3 Be6
9.Qd2 O-O 10.O-O-O Nbd7 11.g4 b5 12.g5 b4 13.Ne2 Ne8 14.Ng3 a5 15.Kb1 a4 
16.Nc1 Nc7 17.Nf5 d5 18.exd5 Nxd5 19.Nxe7+ Qxe7 20.Ne2 b3 21.cxb3 Bf5+ 22.
Kc1 Rfc8+ 23.Nc3 Nxc3 24.bxc3 Qa3+ 0-1

[Event "14th EUR-ch"]
[Site "Legnica POL"]
[Date "2013.05.06"]
[Round "2"]
[White "Erturan, Yakup"]
[Black "Skytte, Torill"]
[Result "1-0"]
[WhiteElo "2386"]
[BlackElo "1922"]
[EventDate "2013.05.05"]
[PlyCount "89"]

1.e4 e6 2.d4 d5 3.Nd2 dxe4 4.Nxe4 Bd7 5.Bd3 Bc6 6.Nf3 Nd7 7.O-O Ngf6 8.Ng3
Bxf3 9.Qxf3 c6 10.c4 Be7 11.b3 O-O 12.Bb2 a5 13.a3 Qb6 14.Rfe1 Rfe8 15.Bc2
Nf8 16.Rad1 Rad8 17.Ne2 Qc7 18.Nc1 b5 19.Nd3 bxc4 20.bxc4 Qb6 21.Rb1 Qa6 
22.Ne5 c5 23.Ba4 N8d7 24.Bxd7 Rxd7 25.Nxd7 Nxd7 26.dxc5 Nxc5 27.Qg4 Bf8 
28.Bc3 h5 29.Qxh5 Qxc4 30.Re3 Rc8 31.Bxa5 Qc2 32.Qd1 Qf5 33.Rf3 Qg6 34.Rc1
Ra8 35.Bb4 Ne4 36.Bxf8 Rxf8 37.h3 Ng5 38.Rg3 Qf6 39.Qg4 Nh7 40.a4 Qh6 41.
Rd1 f5 42.Qg6 Qxg6 43.Rxg6 Kf7 44.Rg3 f4 45.Rd7+ 1-0

[Event "14th EUR-ch"]
[Site "Legnica POL"]
[Date "2013.05.06"]
[Round "2"]
[White "Zahariev, Ognyan"]
[Black "Zude, Erik"]
[Result "0-1"]
[WhiteElo "1913"]
[BlackElo "2382"]
[EventDate "2013.05.05"]
[PlyCount "122"]

1.e4 e5 2.Nf3 Nc6 3.Bb5 a6 4.Ba4 Nf6 5.O-O Be7 6.Re1 b5 7.Bb3 d6 8.h3 Na5 
9.c3 Nxb3 10.axb3 Bb7 11.d3 c5 12.c4 O-O 13.Nc3 h6 14.Ne2 Kh7 15.Nh2 Ne8 
16.g4 Nc7 17.Ng3 Ne6 18.Nhf1 g6 19.Kh2 bxc4 20.bxc4 Rb8 21.Ne3 Bg5 22.Ng2 
Bc8 23.Ne2 Qf6 24.Rf1 Bxc1 25.Qxc1 Kg7 26.f3 h5 27.Kg3 Rb3 28.Ra3 Rb4 29.
Qd2 Qe7 30.Rf2 hxg4 31.fxg4 Bb7 32.h4 Rh8 33.Rf3 Bc8 34.g5 Qd7 35.Ra1 Qb7 
36.Ra2 Qe7 37.Ra1 Qb7 38.Ra2 Nd8 39.Nc3 Nc6 40.Rf1 Rb3 41.Qf2 Qe7 42.Ra3 
Rb8 43.Nd5 Qe6 44.Kh2 Rd8 45.Kg1 Rd7 46.Nde3 Rdb7 47.Nd1 Rb3 48.Qd2 Nd4 
49.Rf6 Qg4 50.Kf2 Rxa3 51.bxa3 Rb1 52.Nde3 Qh3 53.Nf1 Bg4 54.Ng3 Rd1 55.
Qc3 Bf3 56.Rxf3 Nxf3 57.Ne3 Rg1 58.Nef1 Qg2+ 59.Ke3 Rxf1 60.Nxf1 Qxf1 61.
Qa5 Nd4 0-1

[Event "14th EUR-ch"]
[Site "Legnica POL"]
[Date "2013.05.06"]
[Round "2"]
[White "Szostko, Jakub"]
[Black "Pasiev, Rakhim"]
[Result "0-1"]
[WhiteElo "1850"]
[BlackElo "2379"]
[EventDate "2013.05.05"]
[PlyCount "80"]

1.c4 Nc6 2.Nc3 e5 3.g3 d6 4.Bg2 Be6 5.d3 Qd7 6.Rb1 g6 7.b4 Bg7 8.b5 Nd8 9.
Nd5 h6 10.e4 c6 11.bxc6 bxc6 12.Nc3 Ne7 13.Nge2 Bh3 14.O-O Bxg2 15.Kxg2 
Ne6 16.Ba3 f5 17.Qb3 O-O 18.Qb7 Nc7 19.exf5 gxf5 20.Qb4 Rad8 21.f4 Ng6 22.
Rbd1 Ne6 23.fxe5 dxe5 24.Qb3 Rf7 25.Na4 f4 26.Ng1 Nd4 27.Qb2 Nf5 28.Bc5 e4
29.dxe4 Bxb2 30.Rxd7 Rdxd7 31.exf5 Rxf5 32.Nxb2 Rxc5 33.gxf4 Rd2+ 34.Rf2 
Nxf4+ 35.Kf3 Rxf2+ 36.Kxf2 Rg5 37.Kf3 Rxg1 38.Kxf4 Rg2 39.Nd3 Rxh2 40.Ne5 
c5 0-1

[Event "14th EUR-ch"]
[Site "Legnica POL"]
[Date "2013.05.06"]
[Round "2"]
[White "Petrisor, Adrian-Marian"]
[Black "Korcz, Daniel"]
[Result "1-0"]
[WhiteElo "2378"]
[BlackElo "1855"]
[EventDate "2013.05.05"]
[PlyCount "57"]

1.e4 e5 2.Nf3 Nc6 3.Bb5 a6 4.Ba4 Nf6 5.d3 b5 6.Bb3 Bc5 7.c3 d6 8.Nbd2 O-O 
9.O-O h6 10.Re1 Bg4 11.Nf1 Bb6 12.h3 Be6 13.Ng3 Na5 14.Bc2 c5 15.Nh4 Nc6 
16.Qf3 Nh7 17.Nhf5 Ne7 18.Nh5 Bxf5 19.exf5 g5 20.Bb3 Qd7 21.g4 Kh8 22.a4 
Qc6 23.Qxc6 Nxc6 24.Bd5 Rac8 25.axb5 Ne7 26.Bb7 Rc7 27.bxa6 c4 28.dxc4 
Rxc4 29.Be3 1-0

[Event "14th EUR-ch"]
[Site "Legnica POL"]
[Date "2013.05.06"]
[Round "2"]
[White "Szonyi, Bence"]
[Black "Tomazini, Zan"]
[Result "0-1"]
[WhiteElo "1651"]
[BlackElo "2370"]
[EventDate "2013.05.05"]
[PlyCount "68"]

1.e4 g6 2.d4 Bg7 3.Nc3 d6 4.Nf3 a6 5.h3 b5 6.a3 Nd7 7.Be2 c5 8.Be3 Bb7 9.
dxc5 Nxc5 10.Bxc5 dxc5 11.Qxd8+ Rxd8 12.Nd2 Nf6 13.f3 Nh5 14.Nb3 Ng3 15.
Rg1 c4 16.Na5 Bd4 17.Nxb7 Rb8 18.Kd2 Bxg1 19.Nd6+ exd6 20.Rxg1 f5 21.Ke3 
Kd7 22.Kf2 Nxe2 23.Kxe2 fxe4 24.Nxe4 Kc6 25.Rd1 d5 26.Nc3 Rhe8+ 27.Kf2 
Rbd8 28.Rd4 a5 29.Ne2 Kc5 30.c3 b4 31.axb4+ axb4 32.Rh4 bxc3 33.bxc3 Ra8 
34.Rxh7 Ra2 0-1

[Event "14th EUR-ch"]
[Site "Legnica POL"]
[Date "2013.05.06"]
[Round "2"]
[White "Lomsadze, Davit"]
[Black "D`Aste, Federico"]
[Result "1-0"]
[WhiteElo "2370"]
[BlackElo "1501"]
[EventDate "2013.05.05"]
[PlyCount "69"]

1.Nf3 Nf6 2.g3 g6 3.Bg2 d5 4.O-O Bg7 5.d3 O-O 6.Nbd2 c5 7.e4 Nc6 8.Re1 Re8
9.c3 b6 10.Qe2 Bb7 11.e5 Ng4 12.d4 cxd4 13.cxd4 Nb4 14.h3 Nh6 15.Nf1 Rc8 
16.Rd1 Ba6 17.Qd2 Nc2 18.Rb1 Nf5 19.g4 Bh6 20.g5 Bg7 21.b3 Rc6 22.Bb2 Qc7 
23.h4 h5 24.Ng3 Nxg3 25.fxg3 e6 26.g4 Rc8 27.gxh5 gxh5 28.Bf1 Bxf1 29.Rxf1
b5 30.Rf2 b4 31.Rbf1 Rc3 32.Bxc3 Qxc3 33.Rc1 Qb2 34.Rxc2 Rxc2 35.Qxc2 1-0

[Event "14th EUR-ch"]
[Site "Legnica POL"]
[Date "2013.05.07"]
[Round "3"]
[White "Dubov, Daniil"]
[Black "Areschenko, Alexander"]
[Result "0-1"]
[WhiteElo "2622"]
[BlackElo "2709"]
[EventDate "2013.05.05"]
[PlyCount "68"]

1.d4 Nf6 2.c4 g6 3.g3 c6 4.Nf3 Bg7 5.Nc3 d5 6.cxd5 cxd5 7.Bg2 Ne4 8.h4 Nc6
9.h5 Bg4 10.h6 Bf6 11.O-O O-O 12.Nh2 Bf5 13.g4 Be6 14.e3 Nxc3 15.bxc3 Na5 
16.f4 Rc8 17.Qd3 Qd6 18.Bd2 Bd7 19.Qe2 a6 20.Qf2 Bb5 21.Rfc1 Bd3 22.Nf3 
Nc4 23.Bh3 Rc6 24.Bf1 Be4 25.g5 Bh8 26.Be1 f6 27.gxf6 Bxf6 28.Nd2 Nxd2 29.
Qxd2 Qe6 30.Kh2 g5 31.Bg3 Bxd4 32.Bh3 g4 33.Bh4 Qxh6 34.Rg1 Rg6 0-1

[Event "14th EUR-ch"]
[Site "Legnica POL"]
[Date "2013.05.07"]
[Round "3"]
[White "Saric, Ivan"]
[Black "Korobov, Anton"]
[Result "1/2-1/2"]
[WhiteElo "2622"]
[BlackElo "2705"]
[EventDate "2013.05.05"]
[PlyCount "117"]

1.e4 c5 2.Nf3 d6 3.d4 cxd4 4.Nxd4 Nf6 5.Nc3 a6 6.Be3 e6 7.f3 b5 8.Qd2 Nbd7
9.g4 h6 10.O-O-O b4 11.Nce2 Qc7 12.h4 d5 13.Bf4 e5 14.Bh2 dxe4 15.g5 hxg5 
16.hxg5 Rxh2 17.Rxh2 exd4 18.Rh4 Ng4 19.Rxg4 Nc5 20.Rh4 b3 21.Kb1 e3 22.
Qc1 d3 23.Qxe3+ Be6 24.axb3 dxe2 25.Bxe2 Rd8 26.Rxd8+ Kxd8 27.Bc4 a5 28.g6
Bxc4 29.Rxc4 fxg6 30.Qg5+ Kc8 31.Qxg6 Kb7 32.Qe8 Bd6 33.b4 axb4 34.Rxb4+ 
Ka7 35.Qe3 Ka8 36.Rb5 Nb7 37.Qd4 Qe7 38.Qd5 Bf4 39.Qg8+ Ka7 40.Rb3 g5 41.
Ra3+ Kb6 42.Qa8 Qe1+ 43.Ka2 Nc5 44.Qa7+ Kb5 45.c4+ Kc6 46.Ra5 Qb4 47.Qa8+ 
Kc7 48.Qa7+ Kd6 49.Qa8 Qxc4+ 50.Kb1 Qd3+ 51.Ka2 Qb3+ 52.Kb1 Qd3+ 53.Ka2 
Qc4+ 54.Kb1 Kc7 55.Qa7+ Kc6 56.Qa8+ Kb6 57.Qa7+ Kc6 58.Qa8+ Kb6 59.Qa7+ 
1/2-1/2

[Event "14th EUR-ch"]
[Site "Legnica POL"]
[Date "2013.05.07"]
[Round "3"]
[White "Eljanov, Pavel"]
[Black "Tkachiev, Vladislav"]
[Result "1/2-1/2"]
[WhiteElo "2702"]
[BlackElo "2632"]
[EventDate "2013.05.05"]
[PlyCount "82"]

1.d4 Nf6 2.c4 e6 3.Nc3 Bb4 4.e3 c5 5.Bd3 O-O 6.Nf3 d5 7.O-O dxc4 8.Bxc4 
Nbd7 9.Qe2 a6 10.a3 Ba5 11.Bd3 Qe7 12.Ne4 Nxe4 13.Bxe4 e5 14.Qc2 h6 15.
dxc5 Nxc5 16.Bh7+ Kh8 17.b4 e4 18.Bxe4 Bxb4 19.axb4 Nxe4 20.b5 Ng5 21.Nd4 
Qe4 22.Qc7 Kg8 23.Bb2 Be6 24.Qg3 Qg4 25.Qxg4 Bxg4 26.f3 Bd7 27.bxa6 Rxa6 
28.h4 Ne6 29.Nf5 Rfa8 30.Rad1 Ba4 31.Rd2 f6 32.g4 Be8 33.h5 Rd8 34.Rfd1 
Raa8 35.Kf2 Ba4 36.Rxd8+ Rxd8 37.Rxd8+ Nxd8 38.e4 Bd7 39.Nd6 b5 40.Ke3 Nf7
41.Nb7 Bc8 1/2-1/2

[Event "14th EUR-ch"]
[Site "Legnica POL"]
[Date "2013.05.07"]
[Round "3"]
[White "Grigorian, Avetik"]
[Black "Moiseenko, Olexandr"]
[Result "0-1"]
[WhiteElo "2616"]
[BlackElo "2698"]
[EventDate "2013.05.05"]
[PlyCount "80"]

1.Nf3 Nf6 2.c4 e6 3.g3 d5 4.d4 Bb4+ 5.Bd2 Bd6 6.Bg2 c6 7.O-O Nbd7 8.Qc2 
O-O 9.Nc3 dxc4 10.Bg5 h6 11.Ne4 Be7 12.Nxf6+ Nxf6 13.Bf4 b5 14.Ne5 Bb7 15.
Nxc6 Qe8 16.Nxe7+ Qxe7 17.e4 Rac8 18.Rfe1 Rfd8 19.Rad1 b4 20.h3 c3 21.g4 
a5 22.Re3 Rc4 23.bxc3 bxc3 24.Be5 Nd7 25.Bg3 Rdc8 26.f3 e5 27.d5 Rd4 28.
Rdd3 Rxd3 29.Rxd3 Qb4 30.Be1 Qb2 31.Qxb2 cxb2 32.Rb3 Rc1 33.Rxb2 Nc5 34.d6
Rxe1+ 35.Kh2 Kf8 36.Rc2 Ne6 37.Rb2 Nd8 38.Rb5 f6 39.f4 exf4 40.e5 Rxe5 0-1

[Event "14th EUR-ch"]
[Site "Legnica POL"]
[Date "2013.05.07"]
[Round "3"]
[White "Almasi, Zoltan"]
[Black "Lenic, Luka"]
[Result "1/2-1/2"]
[WhiteElo "2695"]
[BlackElo "2621"]
[EventDate "2013.05.05"]
[PlyCount "80"]

1.e4 e5 2.Nf3 Nc6 3.Bb5 a6 4.Ba4 Nf6 5.O-O Be7 6.d3 b5 7.Bb3 d6 8.a4 Na5 
9.axb5 Nxb3 10.cxb3 O-O 11.Nc3 Bb7 12.bxa6 Rxa6 13.Rxa6 Bxa6 14.Re1 c5 15.
Bg5 Bb7 16.Nd2 Nd7 17.Bxe7 Qxe7 18.Nc4 Bc6 19.Qd2 Rb8 20.Ra1 Nf8 21.Ra6 
Qb7 22.Ra3 Qd7 23.Na2 Ng6 24.b4 d5 25.Na5 dxe4 26.Nxc6 Qxc6 27.bxc5 Nf4 
28.Nb4 Qxc5 29.dxe4 h6 30.Nd3 Qd4 31.g3 Nxd3 32.Rxd3 Qxb2 33.Rd8+ Kh7 34.
Qxb2 Rxb2 35.Rd5 f6 36.h4 Re2 37.f3 h5 38.Rd7 Ra2 39.Kf1 Rb2 40.Kg1 Ra2 
1/2-1/2

[Event "14th EUR-ch"]
[Site "Legnica POL"]
[Date "2013.05.07"]
[Round "3"]
[White "Grachev, Boris"]
[Black "Roiz, Michael"]
[Result "1/2-1/2"]
[WhiteElo "2687"]
[BlackElo "2617"]
[EventDate "2013.05.05"]
[PlyCount "124"]

1.d4 Nf6 2.Nf3 g6 3.Nbd2 Bg7 4.e4 d6 5.Bd3 O-O 6.O-O Nc6 7.c3 Re8 8.Re1 e5
9.h3 d5 10.Nxe5 Nxe5 11.dxe5 Nxe4 12.Nxe4 dxe4 13.Rxe4 Rxe5 14.Rxe5 Bxe5 
15.Qe2 Bg7 16.Bc4 Bd7 17.Bf4 c6 18.Rd1 Qe8 19.Qd2 Be6 20.Re1 Rd8 21.Qe3 
Bd7 22.Rd1 Ra8 23.Qd2 Be6 24.Bxe6 Qxe6 25.Qd7 Qe2 26.Rd2 Qe1+ 27.Kh2 Be5 
28.Bxe5 Qxe5+ 29.g3 Rb8 30.Rd4 Re8 31.Qxb7 Rb8 32.Qxa7 Rxb2 33.Kg2 Kg7 34.
Qd7 Rxa2 35.Qxc6 Ra5 36.Qe4 Qf6 37.Qf3 Qe6 38.Re4 Qb3 39.c4 Qc2 40.Qe2 Ra2
41.Qe3 Qd2 42.Qb6 Qb2 43.Qxb2+ Rxb2 44.Kf3 Rc2 45.Ke3 g5 46.h4 f5 47.Re7+ 
Kg6 48.hxg5 Rxc4 49.f4 Rc3+ 50.Kf2 Rc6 51.Re5 h6 52.gxh6 Rf6 53.Re8 Kh7 
54.Ke3 Rg6 55.Kd4 Rxg3 56.Re6 Ra3 57.Rf6 Ra5 58.Rb6 Ra4+ 59.Ke5 Ra5+ 60.
Kd4 Ra4+ 61.Ke3 Ra3+ 62.Kf2 Rc3 1/2-1/2

[Event "14th EUR-ch"]
[Site "Legnica POL"]
[Date "2013.05.07"]
[Round "3"]
[White "Ragger, Markus"]
[Black "Rakhmanov, Aleksandr"]
[Result "1/2-1/2"]
[WhiteElo "2666"]
[BlackElo "2616"]
[EventDate "2013.05.05"]
[PlyCount "83"]

1.Nf3 g6 2.e4 Bg7 3.d4 d6 4.Bc4 c6 5.Bb3 Nf6 6.Nbd2 O-O 7.O-O Nbd7 8.Re1 
Nh5 9.c3 Nb6 10.a4 a5 11.Nf1 Qc7 12.Be3 Nf6 13.Ng3 Ng4 14.Bd2 Nf6 15.Be3 
Ng4 16.Bd2 Nf6 17.h3 c5 18.Be3 e5 19.dxe5 dxe5 20.Qc1 Nfd7 21.Bh6 Nf6 22.
Bxg7 Kxg7 23.Qg5 c4 24.Bc2 Re8 25.Nh4 Ng8 26.Rad1 f6 27.Qe3 Be6 28.Ne2 
Rad8 29.f4 Rxd1 30.Rxd1 Rd8 31.Rf1 Nd7 32.Nf3 Nc5 33.fxe5 fxe5 34.Kh2 Rf8 
35.Rd1 Nf6 36.Ng5 Bg8 37.Ng3 Qe7 38.Nf3 Nfd7 39.Rd2 Be6 40.Ne2 Bg8 41.Ng3 
Be6 42.Ne2 1/2-1/2

[Event "14th EUR-ch"]
[Site "Legnica POL"]
[Date "2013.05.07"]
[Round "3"]
[White "Zhigalko, Sergei"]
[Black "Khalifman, Alexander"]
[Result "1/2-1/2"]
[WhiteElo "2660"]
[BlackElo "2614"]
[EventDate "2013.05.05"]
[PlyCount "88"]

1.e4 e5 2.Nf3 Nc6 3.Bb5 a6 4.Ba4 Nf6 5.O-O Be7 6.Re1 b5 7.Bb3 O-O 8.h3 Bb7
9.d3 d5 10.exd5 Nxd5 11.a4 Nd4 12.Nbd2 Nxb3 13.Nxb3 f6 14.Na5 Qc8 15.Bd2 
c5 16.Nh4 Rd8 17.Qf3 Rb8 18.Nxb7 Qxb7 19.axb5 axb5 20.Nf5 Bf8 21.Qg4 Kh8 
22.h4 Qd7 23.Qe4 Nb4 24.Ne3 Qf7 25.Bc3 Nd5 26.Nxd5 Qxd5 27.Qxd5 Rxd5 28.b3
h5 29.Reb1 Rd7 30.Kf1 Kg8 31.Ra6 Kf7 32.g3 Rbb7 33.Ke2 Be7 34.Rc6 Ra7 35.
Rb2 b4 36.Bd2 Ra1 37.Be3 Ra5 38.Rb1 Rda7 39.Rf1 R5a6 40.Rc8 Ra8 41.Rc7 
R6a7 42.Rxa7 Rxa7 43.f4 Ke6 44.f5+ Kf7 1/2-1/2

[Event "14th EUR-ch"]
[Site "Legnica POL"]
[Date "2013.05.07"]
[Round "3"]
[White "Volkov, Sergei"]
[Black "Ivanisevic, Ivan"]
[Result "1-0"]
[WhiteElo "2610"]
[BlackElo "2655"]
[EventDate "2013.05.05"]
[PlyCount "75"]

1.d4 d5 2.c4 e6 3.Nc3 a6 4.cxd5 exd5 5.Bf4 Nf6 6.e3 Bd6 7.Bg3 O-O 8.Bd3 
Bg4 9.Nge2 Re8 10.Rc1 Bxe2 11.Nxe2 c6 12.Qb3 Qa5+ 13.Nc3 Bxg3 14.hxg3 b5 
15.O-O Qd8 16.Rfe1 Ra7 17.e4 Rae7 18.e5 Nfd7 19.Qc2 g6 20.f4 f6 21.Qf2 Qb6
22.b4 a5 23.bxa5 Qxa5 24.Bxb5 fxe5 25.dxe5 Rf8 26.e6 Nf6 27.Bd3 Na6 28.f5 
Nb4 29.Bb1 gxf5 30.Bxf5 Ne4 31.Nxe4 Nd3 32.Qe3 dxe4 33.Qg5+ Kh8 34.Qxe7 
Rxf5 35.Rb1 Nb2 36.Rxe4 Qd2 37.Qe8+ Kg7 38.Qd7+ 1-0